000 00250nam a2200109Ia 4500
008 200302s9999 xx 000 0 und d
100 _aAlex Johnson
245 _aBookshelf
260 _bThames and Hudson Publishers
260 _c2012
300 _a271 P
999 _c4347
_d4347